| 000 | 00700nam a22001937a 4500 | ||
|---|---|---|---|
| 005 | 20260304115932.0 | ||
| 008 | 260304b ||||| |||| 00| 0 eng d | ||
| 020 | _a978-984-96620-5-1 | ||
| 040 |
_aBD-DhBCSAA _cBD-DhBCSAA _dBD-DhBCSAA |
||
| 082 |
_21st ed _a780 _b আনআ |
||
| 100 |
_a গাজী মাজহারুল আনোয়ার _929264 |
||
| 245 | _aঅল্প কথার গল্প গান | ||
| 246 | _aঅল্প কথার গল্প গান | ||
| 260 |
_aঢাকাঃ _bআনাআ _c1st published, 2022 |
||
| 300 |
_a১৯৭পৃ.; _c২২সেমি |
||
| 590 | _amewa | ||
| 650 |
_aসংগীত সংগ্রহ _929265 |
||
| 942 |
_2ddc _cBK |
||
| 999 |
_c21780 _d21778 |
||